| 000 | 00450cam a2200193ua 4500 | ||
|---|---|---|---|
| 001 | 7880 | ||
| 008 | 141230n ii |||gr||||Z||||||hin | ||
| 040 | _cMAIN | ||
| 041 | _ahin | ||
| 082 | _a891.433 | ||
| 100 |
_aAswattha, _eAuthor. |
||
| 245 | 1 |
_aHousala _cBy Aswattha |
|
| 250 | _a1st. | ||
| 260 |
_aBaranasi: _bPrasharan, _c1966. |
||
| 300 | _a443p. | ||
| 653 | _aEast Indo-European & Celtic literatures | ||
| 653 | _aHindi novels | ||
| 942 | _cBK | ||
| 999 |
_c7000 _d7000 |
||